LEADER 01317nam--2200385---450- 001 990005931030203316 005 20140220130022.0 010 $a978-88-13-328850-4 035 $a000593103 035 $aUSA01000593103 035 $a(ALEPH)000593103USA01 035 $a000593103 100 $a20140220d2012----km-y0itay50------ba 101 $aita 102 $aIT 105 $a||||||||001yy 200 1 $aBanche ed etica$eatti del Convegno organizzato dall'Unione giuristi cattolici italiani, Diocesi Conversano-Monopoli G. Ferorelli$e(Monopoli, il 17 maggio 2013)$fa cura di Illa Sabbatelli$gpresentazione di Guido Alpa 210 $aPadova$cCedam$d2012 215 $aXVII, 247 p.$d24 cm 225 2 $aSaggi e monografie di diritto dell'economia$v23 410 0$12001$aSaggi e monografie di diritto dell'economia$v, 23 606 0 $aBanche$xEtica$xAtti di congressi$2BNCF 676 $a174.4 702 1$aSABBATELLI,$bIlla 702 1$aALPA,$bGuido 801 0$aIT$bsalbc$gISBD 912 $a990005931030203316 951 $a174.4 BAN 1$b79136 G.$c174.4$d00352497 959 $aBK 969 $aECO 979 $aCHIARA$b90$c20140220$lUSA01$h1258 979 $aCHIARA$b90$c20140220$lUSA01$h1258 979 $aCHIARA$b90$c20140220$lUSA01$h1300 996 $aBanche ed etica$9257130 997 $aUNISA